|
|
|
|
| LEADER |
00000nsb a2200000 a 4500 |
| 005 |
20230308204339.0 |
| 008 |
011063| ||||||||r|||||||||||spa|| |
| 022 |
|
|
|a 0001-6365
|
| 040 |
|
|
|b spa
|
| 041 |
1 |
|
|a spa
|
| 082 |
0 |
|
|a 617.605
|
| 245 |
|
|
|a Consideraciones para la toma de impresión de prótesis sobre implantes
|c Siulbel Pérez Pellín
|h imp
|
| 264 |
|
|
|a Caracas
|b Diseño Gráfico y Comercialización VC Global Press
|c 2008
|
| 300 |
|
|
|a pp 370-374
|b ilu
|c 33 cm
|
| 310 |
|
|
|a Semestral
|
| 362 |
|
|
|a Volumen 46 N°3 2008
|
| 504 |
|
|
|a incl. ref.
|
| 520 |
3 |
|
|a El diseño protésico depende de ciertas condiciones orales y hoy en día el tratamiento con implantes es un recurso terapéutico habitual en el reemplazo de dientes
|
| 650 |
|
|
|a Implantes dentales
|9 88520
|
| 650 |
|
|
|a Prostodoncia
|9 89916
|
| 650 |
|
|
|a Cirugía bucal
|9 88506
|
| 650 |
|
|
|a Materiales dentales
|9 89345
|
| 650 |
|
|
|a Estética dental
|9 3985
|
| 700 |
|
|
|a Pérez Pellín, Siulbel
|9 281231
|
| 710 |
|
|
|a Universidad Central de Venezuela, Facultad de Odontología
|
| 773 |
0 |
|
|0 si2019
|9 si2019
|a Pérez Pellín, Siulbel Universidad Central de Venezuela, Facultad de Odontología
|d Caracas Diseño Gráfico y Comercialización VC Global Press 2008
|o si2019
|w si2019
|x 0001-6365
|t Acta Odontológica Venezolana
|6 si2019
|
| 852 |
|
|
|a UC-SALUD
|c ESTANTERIA ABIERTA
|f Donación
|k luis.contrerase
|l 1
|m General
|p 20110630
|r 1
|b 0
|d CDRS
|e CDRS
|g 617.605 ESTANTERIA ABIERTA
|z 2011-10-63
|
| 942 |
|
|
|c SERA
|
| 999 |
|
|
|c 108357
|d 108357
|